000 00682nas a2200241 i 4500
001 2058
003 ES-MaACL
005 20250828062529.0
007 t|
008 950801d18851894fr | | 1 ||re d
022 _a1245-6438
080 _a44
245 0 0 _aRevue de l'enseignement secondaire et de l'enseignement supérieur.
260 _aParis :
_bPaul Dupont,
_c1885-1894.
300 _a6 v. ;
_c25 cm.
310 _aSemanal
362 0 _aTome 1, n° 1 (1884, 1er févr.)-tome 22, n° 26 (1894, 27 déc.)
650 7 _aEducación
_2embne
_912073
700 1 _aGautier, Jules,
_edir.
_9194369
852 _aES-MaACL
_jHem-323
866 0 _o1892-94.
999 _c2058
_d2058